Museos locales y particulares de la provincia de Barcelona : Martorell, Museo Municipal Vicens Ros Martorell, Museo Municipal Vicens Ros
Publicado:
[Barcelona] :
Diputación Provincial de Barcelona, Servicio de Promoción del Turismo, Sección de Publicaciones, DL 1977
Descripción Física:
15 p. : il. col. ; 21 cm
MARC
| LEADER | 00000nam a2200000Ia 4500 | ||
|---|---|---|---|
| 001 | 14897 | ||
| 003 | BGR | ||
| 005 | 20260324175720.0 | ||
| 008 | 160829s9999 xx 000 0 cat d | ||
| 080 | |a FU-29-39 | ||
| 245 | |a Museos locales y particulares de la provincia de Barcelona : |b Martorell, Museo Municipal Vicens Ros | ||
| 260 | |a [Barcelona] : |b Diputación Provincial de Barcelona, Servicio de Promoción del Turismo, Sección de Publicaciones, DL 1977 | ||
| 300 | |a 15 p. : |b il. col. ; |c 21 cm | ||
| 490 | |a Folletos monográficos singulares. Serie I-4 ; 5 | ||
| 610 | 2 | 0 | |a Museu Municipal Vicenç Ros (Martorell, Catalunya) |9 56442 |
| 650 | |a Museu Municipal Vicens Ros (Martorell) |x Guies |9 38922 | ||
| 710 | 1 | |a Barcelona (Catalunya : Província). |b Diputació |b Servei de Promoció del Turisme |9 52408 | |
| 901 | |a Arxiu | ||
| 942 | |n 1 |2 udc |c MON | ||
| 952 | |0 0 |1 0 |4 0 |6 FU2939 |7 1 |9 48680 |a Arxiu |b Arxiu |d 2016-12-01 |l 0 |o FU-29-39 |p 14897 |r 2016-12-01 00:00:00 |w 2016-12-01 |y ARXIU | ||
| 999 | |c 52510 |d 52510 | ||